Manual de Procesal Penal

Salvato in:
Dettagli Bibliografici
Autore principale: Gajardo Orellana, Tania (autora)
Altri autori: Hermosilla Iriarte, Francisco
Natura: Sconosciuto
Lingua:inglese
Pubblicazione: Santiago, Chile. Ediciones Der 2021
Serie:CJAJ. Cuadernos Jurídicos de la Academia Judicial
Soggetti:
Tags: Aggiungi Tag
Nessun Tag, puoi essere il primo ad aggiungerne!!

MARC

LEADER 00000 a2200000 4500
003 CL-VaPUC
005 20241030125140.0
008 211102b2021 ||||| |||| 00| 0 eng d
999 |c 433801  |d 433799 
020 |a 9789566126980 
040 |c Pontificia Universidad Católica de Valparaíso 
082 |a 345.8305 GAJ 2021 
100 |a Gajardo Orellana, Tania  |e autora  |9 863837 
245 1 |a Manual de Procesal Penal 
260 |a Santiago, Chile.  |b Ediciones Der  |c 2021 
300 |a 378 páginas  
490 |a CJAJ. Cuadernos Jurídicos de la Academia Judicial  
583 |k Cristina María Rojas Aguilar  |c 20211102 
650 0 |a Derecho procesal penal  |9 255496 
650 0 |a Derecho penal sustantivo  |9 864598 
700 |a Hermosilla Iriarte, Francisco  |9 864599 
942 |2 ddc  |c BK 
952 |0 0  |1 0  |2 ddc  |4 0  |6 345_830500000000000_GAJ_2021  |7 0  |8 A  |9 579095  |a BIBDER  |b BIBDER  |d 2021-11-02  |e 22  |g 27000.00  |i 5589959  |l 15  |o 345.8305 GAJ 2021  |p 5589959  |r 2023-11-27  |s 2023-11-24  |t 1  |v 27000.00  |w 2021-11-02  |y BK  |k DER